When crisis comes / (Record no. 13876)
[ view plain ]
| 000 -LEADER | |
|---|---|
| fixed length control field | 00506nam a22001932 4500 |
| 001 - CONTROL NUMBER | |
| control field | 0000014473 |
| 003 - CONTROL NUMBER IDENTIFIER | |
| control field | OSt |
| 005 - DATE AND TIME OF LATEST TRANSACTION | |
| control field | 20140825164544.0 |
| 008 - FIXED-LENGTH DATA ELEMENTS--GENERAL INFORMATION | |
| fixed length control field | 081105s1967 xx 000 0 eng d |
| 040 ## - CATALOGING SOURCE | |
| Original cataloging agency | PUL |
| Transcribing agency | PUL |
| 050 ## - LIBRARY OF CONGRESS CALL NUMBER | |
| Classification number | BX8333.M95 |
| Item number | W5 1967 |
| 100 1# - MAIN ENTRY--PERSONAL NAME | |
| Personal name | Myers, T. Cecil. |
| 245 10 - TITLE STATEMENT | |
| Title | When crisis comes / |
| Statement of responsibility, etc | [by] T. Cecil Myers. |
| 260 ## - PUBLICATION, DISTRIBUTION, ETC. (IMPRINT) | |
| Place of publication, distribution, etc | Nashville : |
| Name of publisher, distributor, etc | Abingdon Press, |
| Date of publication, distribution, etc | [1967] |
| 300 ## - PHYSICAL DESCRIPTION | |
| Extent | 176 p. ; |
| Dimensions | 20 cm. |
| 650 #0 - SUBJECT ADDED ENTRY--TOPICAL TERM | |
| Topical term or geographic name as entry element | Methodist Church |
| General subdivision | Sermons. |
| 908 ## - PUT COMMAND PARAMETER (RLIN) | |
| Put command parameter | 081105 |
| 942 ## - ADDED ENTRY ELEMENTS (KOHA) | |
| Source of classification or shelving scheme | Library of Congress Classification |
| Koha item type | General circulation books |
| Withdrawn status | Lost status | Source of classification or shelving scheme | Damaged status | Not for loan | Home library | Current library | Date acquired | Source of acquisition | Total Checkouts | Full call number | Barcode | Date last seen | Price effective from | Koha item type |
|---|---|---|---|---|---|---|---|---|---|---|---|---|---|---|
| Library of Congress Classification | Presbyterian University of East Africa - Main Library | Presbyterian University of East Africa - Main Library | 26/12/2012 | DON | BX8333.M95 W5 1967 | 020020016250 | 26/12/2012 | 26/12/2012 | General circulation books |
